000 00754nam a2200229 i 4500
001 13686
003 ES-MaACL
005 20250213170506.0
007 t|
008 980527s1998 sp ||||1| spa d
020 _a84-7785-251-0
080 _a821.134.2-94"19"
080 _a929 Prados, Emilio
100 1 _aPrados, Emilio,
_d1899-1962
_993630
245 1 0 _aDiario íntimo /
_cEmilio Prados ; edición, introducción y notas de Manuel Salinas.
260 _aMálaga :
_bCentro Cultural de la Generación del 27,
_c[1998]
300 _a45, [44] p. :
_bretr. ;
_c21 cm.
700 1 _aSalinas, Manuel.
_9101938
710 2 _aCentro Cultural Generación del 27.
_92582
852 _aES-MaACL
_jL-20915
_bR.126580
999 _c13686
_d13686